[Event "Tradewise Gibraltar AmatWk1"]
[Site "Gibraltar"]
[Date "2018.01.22"]
[Round "1.1"]
[White "Guegan, Michel"]
[Black "Pena, Helio Adelino Silva"]
[Result "0-1"]
[WhiteElo "1713"]
[BlackElo "1894"]
[PlyCount "74"]
[EventDate "2018.01.22"]
[EventType "swiss"]
[EventRounds "5"]
[EventCountry "GGB"]

1. d4 Nf6 2. Nf3 g6 3. Nc3 Bg7 4. e4 d6 5. Be3 O-O 6. Qd2 e5 7. O-O-O exd4 8.
Nxd4 Nc6 9. f3 Nxd4 10. Bxd4 Be6 11. g4 c5 12. Be3 Qa5 13. a3 Rfd8 14. Nd5
Qxd2+ 15. Rxd2 Bxd5 16. exd5 a6 17. c4 Rab8 18. a4 b5 19. cxb5 axb5 20. Bxb5
Ne8 21. Bf4 Nc7 22. Bc6 Rb4 23. Bg3 Bh6 24. f4 Bxf4 25. Bxf4 Rxf4 26. Rg1 Na6
27. Rg3 Nb4 28. Bb5 c4 29. h3 Rc8 30. Kd1 Rc5 31. Re3 Nxd5 32. Re8+ Kg7 33. Rd8
Ne3+ 34. Ke1 Re5 35. Re2 c3 36. bxc3 Rf1+ 37. Kd2 Rd1# 0-1

[Event "Tradewise Gibraltar AmatWk1"]
[Site "Gibraltar"]
[Date "2018.01.22"]
[Round "1.2"]
[White "Cherigui, Mourad"]
[Black "Melgar Guerrero, Salvador"]
[Result "1-0"]
[WhiteElo "1892"]
[BlackElo "1713"]
[PlyCount "89"]
[EventDate "2018.01.22"]
[EventType "swiss"]
[EventRounds "5"]
[EventCountry "GGB"]

1. e4 c5 2. Nf3 d6 3. d4 cxd4 4. Qxd4 Nc6 5. Bb5 Bd7 6. Bxc6 bxc6 7. c4 Qb6 8.
Qd3 g6 9. Nc3 Bg7 10. O-O Nf6 11. h3 O-O 12. Rb1 Qc7 13. Rd1 c5 14. Bg5 Be6 15.
b3 h6 16. Bxf6 Bxf6 17. Nd5 Bxd5 18. exd5 a5 19. a4 Rab8 20. Nd2 Rb6 21. Re1
Rfb8 22. f4 Qd7 23. g4 Bd4+ 24. Kg2 Kg7 25. Re2 Re8 26. Nf3 Bf6 27. g5 hxg5 28.
fxg5 Be5 29. Nxe5 dxe5 30. Rxe5 e6 31. Qc3 Kg8 32. Qxa5 Qb7 33. Qxc5 Rc8 34.
Qd4 exd5 35. c5 Rxb3 36. Rxb3 Qxb3 37. Rxd5 Qc2+ 38. Kg3 Qb3+ 39. Kg4 Qb8 40.
Rd6 Kh7 41. Rd7 Kg8 42. c6 Qa8 43. c7 Qg2+ 44. Kh4 Qa8 45. Rd8+ 1-0

[Event "Tradewise Gibraltar AmatWk1"]
[Site "Gibraltar"]
[Date "2018.01.22"]
[Round "1.3"]
[White "Ocana, Jeremy"]
[Black "Obiamiwe, Paul"]
[Result "0-1"]
[WhiteElo "1705"]
[BlackElo "1891"]
[PlyCount "62"]
[EventDate "2018.01.22"]
[EventType "swiss"]
[EventRounds "5"]
[EventCountry "GGB"]

1. d4 Nf6 2. Bf4 g6 3. e3 d6 4. Nf3 Bg7 5. h3 O-O 6. Be2 c5 7. c3 Qb6 8. Qb3
Qc7 9. Nbd2 cxd4 10. exd4 Nc6 11. O-O Be6 12. c4 Bf5 13. c5 Be6 14. Qa3 Rfd8
15. cxd6 exd6 16. Bc4 Nd5 17. Bxd5 Bxd5 18. Rac1 Qd7 19. Be3 h6 20. Rfd1 g5 21.
Nb1 Bxf3 22. gxf3 Qxh3 23. b4 a6 24. Qb3 Qxf3 25. a4 Nxd4 26. Rxd4 Bxd4 27. Rc7
Bxe3 28. fxe3 Rac8 29. Rc3 Rxc3 30. Nxc3 Qxe3+ 31. Kg2 Rc8 0-1

[Event "Tradewise Gibraltar AmatWk1"]
[Site "Gibraltar"]
[Date "2018.01.22"]
[Round "1.4"]
[White "Spanton, Tim R"]
[Black "Lake, Andrew N"]
[Result "1/2-1/2"]
[WhiteElo "1888"]
[BlackElo "1703"]
[PlyCount "136"]
[EventDate "2018.01.22"]
[EventType "swiss"]
[EventRounds "5"]
[EventCountry "GGB"]

1. e4 d6 2. c4 e5 3. Nc3 Nf6 4. Nge2 Be7 5. g3 Nc6 6. Bg2 Be6 7. Nd5 O-O 8. d4
Bxd5 9. cxd5 Nxd4 10. Nxd4 exd4 11. Qxd4 Nd7 12. Be3 a5 13. O-O Bf6 14. Qd2 Re8
15. Rac1 b6 16. b3 Nc5 17. Qc2 Qe7 18. f3 Ra7 19. a3 Bg5 20. f4 Bh6 21. Bxc5
bxc5 22. Rce1 Rb8 23. e5 g6 24. exd6 Qxd6 25. f5 Bg7 26. fxg6 hxg6 27. Re4 Rab7
28. Ra4 Rxb3 29. Rxa5 Bd4+ 30. Kh1 Re3 31. Qf2 Re7 32. Qf3 Kg7 33. Ra4 Rb2 34.
Bh3 Qe5 35. Bg4 Qg5 36. Qd1 Qxd5+ 37. Bf3 Qa2 38. Rxd4 Rxh2+ 39. Kg1 cxd4 40.
Qxd4+ Kh7 41. Qf6 Rhe2 42. Bxe2 Qxe2 43. Qf4 Kg7 44. Qd4+ Qe5 45. Qxe5+ Rxe5
46. Rc1 Re3 47. Kf2 Rxa3 48. Rxc7 Ra6 49. Kf3 Rf6+ 50. Kg4 Ra6 51. Kg5 Ra5+ 52.
Kf4 Kf6 53. Rb7 g5+ 54. Kg4 Kg6 55. Kf3 f5 56. Rb6+ Kh5 57. Rb8 Ra3+ 58. Kg2
Kg4 59. Rb4+ f4 60. gxf4 gxf4 61. Rb2 Rg3+ 62. Kf2 Rh3 63. Rb4 Ra3 64. Rb2 Rh3
65. Rb4 Rh2+ 66. Kg1 Re2 67. Kf1 Re3 68. Kf2 Ra3 1/2-1/2

[Event "Tradewise Gibraltar AmatWk1"]
[Site "Gibraltar"]
[Date "2018.01.22"]
[Round "1.5"]
[White "Volovik, Konstantin"]
[Black "Cemborain Oricain, Alfonso"]
[Result "1/2-1/2"]
[WhiteElo "1701"]
[BlackElo "1886"]
[PlyCount "137"]
[EventDate "2018.01.22"]
[EventType "swiss"]
[EventRounds "5"]
[EventCountry "GGB"]

1. b4 e5 2. b5 a6 3. Bb2 d6 4. c4 axb5 5. cxb5 Nf6 6. e3 Be7 7. h3 Be6 8. a4
Nbd7 9. Nf3 Nc5 10. a5 Nb3 11. Ra3 Nxa5 12. Be2 O-O 13. Qc2 Nd5 14. Nc3 f5 15.
O-O b6 16. Nxd5 Bxd5 17. Bc3 Qd7 18. Rfa1 Be4 19. Qa2+ Kh8 20. Bxa5 bxa5 21.
Rxa5 Rxa5 22. Qxa5 f4 23. d3 Bg6 24. e4 h6 25. Rc1 Bd8 26. Qb4 Qe6 27. Qc4 Qf6
28. Ra1 Bf7 29. Qc3 Qg6 30. Re1 Be6 31. Kh2 Qf6 32. d4 exd4 33. Qxd4 Bd7 34. e5
Qg6 35. Bd3 Bf5 36. Bxf5 Rxf5 37. e6 Be7 38. Qe4 Kh7 39. Nd4 Re5 40. Qxg6+ Kxg6
41. Rxe5 dxe5 42. Nc6 Kf6 43. Kg1 Kxe6 44. f3 Bf6 45. Nb4 Kd6 46. Nd3 Kd5 47.
Kf1 Kc4 48. Ke2 Kxb5 49. Nf2 c5 50. Kd3 c4+ 51. Kc2 Kc5 52. Kd2 Kd4 53. Ne4 Bd8
54. Nd6 Ba5+ 55. Kc2 Bb4 56. Nf5+ Kd5 57. Nxg7 e4 58. Nh5 Ke5 59. fxe4 Kxe4 60.
Nf6+ Kf5 61. Nd5 Ba5 62. Ne7+ Ke4 63. Ng8 h5 64. Nf6+ Kf5 65. Nxh5 Kg5 66. g4
fxg3 67. Nxg3 Kh4 68. Ne4 Kxh3 69. Nd6 1/2-1/2

[Event "Tradewise Gibraltar AmatWk1"]
[Site "Gibraltar"]
[Date "2018.01.22"]
[Round "1.6"]
[White "Garcia-Blazquez Perez, Manuel"]
[Black "Walshaw, David"]
[Result "1-0"]
[WhiteElo "1877"]
[BlackElo "1689"]
[PlyCount "73"]
[EventDate "2018.01.22"]
[EventType "swiss"]
[EventRounds "5"]
[EventCountry "GGB"]

1. e4 g6 2. d4 Bg7 3. Nc3 c5 4. Nf3 cxd4 5. Nxd4 Nc6 6. Be3 Nf6 7. f3 O-O 8.
Qd2 d5 9. O-O-O Nxd4 10. Bxd4 dxe4 11. h4 exf3 12. h5 fxg2 13. Qxg2 Qc7 14.
hxg6 fxg6 15. Qg5 Bf5 16. Bd3 e5 17. Bxf5 gxf5 18. Nb5 Qc6 19. Bxe5 Qxb5 20.
Rdg1 Qd7 21. Bxf6 Rf7 22. Qh4 Kf8 23. Bxg7+ Rxg7 24. Qb4+ Qe7 25. Qf4 Rxg1+ 26.
Rxg1 Qe4 27. Qh6+ Ke8 28. Rg8+ Kd7 29. Qxh7+ Kc6 30. Rg6+ Kc5 31. Qc7+ Kd4 32.
Rd6+ Ke3 33. Qc3+ Kf2 34. Rd2+ Kf1 35. Qh3+ Ke1 36. Qg3+ Kf1 37. Qf2# 1-0

[Event "Tradewise Gibraltar AmatWk1"]
[Site "Gibraltar"]
[Date "2018.01.22"]
[Round "1.7"]
[White "Lopez Diaz, Rafael"]
[Black "Flynn, David"]
[Result "0-1"]
[WhiteElo "1687"]
[BlackElo "1876"]
[PlyCount "108"]
[EventDate "2018.01.22"]
[EventType "swiss"]
[EventRounds "5"]
[EventCountry "GGB"]

1. f4 c5 2. g3 d5 3. c3 Bf5 4. d3 Nf6 5. Nf3 Nc6 6. Bg2 h6 7. O-O e6 8. Na3 Bd6
9. Bd2 O-O 10. Nc2 Re8 11. Nh4 Bh7 12. Bf3 Qc7 13. Ne3 Ne7 14. a4 Rad8 15. Qb3
Nc6 16. Rae1 Na5 17. Qd1 Qb6 18. c4 d4 19. Bxa5 Qxa5 20. Ng4 Nxg4 21. Bxg4 Be7
22. Nf3 Qb4 23. b3 Rd6 24. Nd2 Bd8 25. h4 Ba5 26. Nf3 Rb6 27. Qa1 f6 28. Rb1
Rd6 29. Ne1 Qb6 30. Nc2 Bb4 31. Rf2 Kh8 32. Bf3 Bg8 33. Kh2 e5 34. f5 Bf7 35.
Be4 Re7 36. g4 Be8 37. Rg1 Bc3 38. Qb1 Bd2 39. Qd1 Bf4+ 40. Kg2 Qxb3 41. e3
dxe3 42. Nxe3 Qxd1 43. Nxd1 b6 44. Kf1 Bxa4 45. Nc3 Bc6 46. Bxc6 Rxc6 47. Nd5
Rd7 48. g5 hxg5 49. hxg5 Bxg5 50. Ra2 Rc8 51. Ra6 Bd2 52. Ke2 Ba5 53. Ra1 Kg8
54. Ke3 Kf7 0-1

[Event "Tradewise Gibraltar AmatWk1"]
[Site "Gibraltar"]
[Date "2018.01.22"]
[Round "1.8"]
[White "Marcos Herrero, Francisco"]
[Black "White, Gary"]
[Result "1-0"]
[WhiteElo "1876"]
[BlackElo "1663"]
[PlyCount "65"]
[EventDate "2018.01.22"]
[EventType "swiss"]
[EventRounds "5"]
[EventCountry "GGB"]

1. Nf3 f5 2. d4 Nf6 3. g3 e6 4. Bg2 Be7 5. c4 d6 6. Nc3 O-O 7. O-O Nbd7 8. Qc2
Qe8 9. e4 Qh5 10. exf5 exf5 11. Re1 Bd8 12. Bd2 Ng4 13. Nd5 g5 14. Ne7+ Bxe7
15. Rxe7 h6 16. c5 d5 17. c6 bxc6 18. Qxc6 Nb6 19. Qxc7 Nf6 20. Rae1 Bd7 21.
Bb4 Rfc8 22. Qe5 Qg6 23. Qe2 Re8 24. Qd1 Ne4 25. Ne5 Qf6 26. Nxd7 Nxd7 27. Rxd7
Qc6 28. Re7 Rxe7 29. Bxe7 Rc8 30. Bxe4 fxe4 31. Qg4 Re8 32. Bc5 Qf6 33. Re3 1-0

[Event "Tradewise Gibraltar AmatWk1"]
[Site "Gibraltar"]
[Date "2018.01.22"]
[Round "1.9"]
[White "Yilmaz, Kazim"]
[Black "Atakay, Mustafa"]
[Result "1/2-1/2"]
[WhiteElo "1656"]
[BlackElo "1874"]
[PlyCount "124"]
[EventDate "2018.01.22"]
[EventType "swiss"]
[EventRounds "5"]
[EventCountry "GGB"]

1. Nf3 d5 2. d4 Nf6 3. g3 c5 4. Bg2 Nc6 5. c3 e6 6. O-O Bd6 7. Nbd2 O-O 8. Re1
e5 9. dxe5 Nxe5 10. Nxe5 Bxe5 11. Nf3 Bc7 12. Bg5 Be6 13. Bxf6 Qxf6 14. Qd2 h6
15. e4 dxe4 16. Rxe4 Rfd8 17. Qe1 Rd5 18. c4 Rf5 19. Nh4 Re5 20. Rxe5 Bxe5 21.
Bxb7 Rb8 22. Bd5 Rxb2 23. Ng2 Bc3 24. Qf1 Bd4 25. Ne3 Rxf2 26. Qxf2 Qxf2+ 27.
Kxf2 Bxa1 28. Bxe6 fxe6 29. Kf3 Kf7 30. Ke4 h5 31. h3 Kf6 32. g4 Kg5 33. Kf3
hxg4+ 34. hxg4 Bd4 35. Nf1 Be5 36. Nd2 Bd4 37. Nf1 Kf6 38. Ke4 Ke7 39. Nd2 Kd6
40. Nf3 Bc3 41. Ng5 Bf6 42. Nf3 Kc6 43. Nd2 Bc3 44. Nb3 Bb2 45. Na5+ Kb6 46.
Nb3 Bc3 47. Kd3 Bb4 48. Ke4 Kc6 49. Ke5 Kd7 50. Nc1 Bc3+ 51. Ke4 Kd6 52. Nb3
Be1 53. Nc1 Bf2 54. Nd3 Bg3 55. Kf3 Be5 56. Ke4 Bd4 57. Kf3 Ke7 58. Nc1 Kf6 59.
Ke4 Kg5 60. Kf3 Kh4 61. Ne2 Be5 62. Nc1 Kg5 1/2-1/2

[Event "Tradewise Gibraltar AmatWk1"]
[Site "Gibraltar"]
[Date "2018.01.22"]
[Round "1.10"]
[White "Jimenez Ruiz, Jose Carlos"]
[Black "Kearsley, Raymond J"]
[Result "1-0"]
[WhiteElo "1874"]
[BlackElo "1655"]
[PlyCount "49"]
[EventDate "2018.01.22"]
[EventType "swiss"]
[EventRounds "5"]
[EventCountry "GGB"]

1. d4 d5 2. c4 e5 3. dxe5 d4 4. Nf3 Nc6 5. g3 Nge7 6. Bg2 Ng6 7. O-O Bc5 8. Bg5
Qd7 9. Nbd2 Ncxe5 10. Ne4 Nxf3+ 11. Bxf3 Be7 12. Bxe7 Nxe7 13. Nc5 Qd6 14. Nxb7
Bxb7 15. Bxb7 Rb8 16. Bg2 Rxb2 17. Qa4+ c6 18. Rab1 Rxb1 19. Rxb1 O-O 20. Qxa7
d3 21. exd3 Qxd3 22. Rb8 Qd1+ 23. Bf1 Nc8 24. Qc7 Qd6 25. Rxc8 1-0

[Event "Tradewise Gibraltar AmatWk1"]
[Site "Gibraltar"]
[Date "2018.01.22"]
[Round "1.12"]
[White "Lochte, Szilvia"]
[Black "Savage, Neil"]
[Result "1-0"]
[WhiteElo "1862"]
[BlackElo "1630"]
[PlyCount "89"]
[EventDate "2018.01.22"]
[EventType "swiss"]
[EventRounds "5"]
[EventCountry "GGB"]

1. d4 Nf6 2. Nf3 g6 3. g3 Bg7 4. Bg2 O-O 5. O-O d6 6. c4 Nbd7 7. Nc3 e5 8. dxe5
dxe5 9. Qc2 c6 10. Rd1 Qc7 11. b3 Re8 12. Ba3 Bf8 13. Bb2 Nc5 14. e4 Bg4 15. h3
Bxf3 16. Bxf3 Ne6 17. Na4 Rad8 18. c5 Rd7 19. Rxd7 Nxd7 20. b4 Nd4 21. Qd3
Nxf3+ 22. Qxf3 Bg7 23. Rd1 Nf8 24. Qd3 Ne6 25. Bc3 Rd8 26. Qb1 Rxd1+ 27. Qxd1
Qd8 28. Qxd8+ Nxd8 29. Nb2 b5 30. cxb6 axb6 31. Nc4 b5 32. Nxe5 Bxe5 33. Bxe5
Ne6 34. f4 c5 35. Bc3 c4 36. Kf2 f5 37. Ke3 Kf7 38. g4 fxe4 39. Kxe4 Ke7 40. h4
Kd7 41. f5 gxf5+ 42. gxf5 Nd8 43. Ke5 Nf7+ 44. Kf6 Ke8 45. Ke6 1-0

[Event "Tradewise Gibraltar AmatWk1"]
[Site "Gibraltar"]
[Date "2018.01.22"]
[Round "1.13"]
[White "Haddock, Paul"]
[Black "Webel, Peter"]
[Result "1/2-1/2"]
[WhiteElo "1580"]
[BlackElo "1853"]
[PlyCount "75"]
[EventDate "2018.01.22"]
[EventType "swiss"]
[EventRounds "5"]
[EventCountry "GGB"]

1. e4 c5 2. d4 cxd4 3. c3 Nc6 4. cxd4 d5 5. e5 Bf5 6. Nf3 Bxb1 7. Rxb1 e6 8. a3
Nge7 9. Bg5 h6 10. Bxe7 Bxe7 11. Be2 Qa5+ 12. Qd2 Qxd2+ 13. Kxd2 O-O 14. b4 f6
15. Bb5 Rac8 16. Rhc1 fxe5 17. dxe5 Rxf3 18. gxf3 Bg5+ 19. Kd1 Bxc1 20. Rxc1
Kf7 21. Bd3 Ne7 22. Rxc8 Nxc8 23. f4 Ne7 24. Ke2 Ng6 25. Kf3 Ne7 26. h4 Nc6 27.
h5 Ne7 28. Kg4 g6 29. hxg6+ Nxg6 30. a4 Ne7 31. Kh5 Kg7 32. Kg4 Nc6 33. b5 Nd4
34. Kh5 b6 35. Kg4 Nb3 36. f5 exf5+ 37. Kxf5 Nd4+ 38. Kg4 1/2-1/2

[Event "Tradewise Gibraltar AmatWk1"]
[Site "Gibraltar"]
[Date "2018.01.22"]
[Round "1.14"]
[White "Gonzalez Pabollet, Jesus Maria S"]
[Black "Glacner, Karel"]
[Result "1-0"]
[WhiteElo "1852"]
[BlackElo "1560"]
[PlyCount "81"]
[EventDate "2018.01.22"]
[EventType "swiss"]
[EventRounds "5"]
[EventCountry "GGB"]

1. e4 e5 2. Nf3 f5 3. d3 Qf6 4. Nc3 Bb4 5. Bd2 c6 6. a3 Ba5 7. Be2 f4 8. O-O
Bc7 9. d4 d6 10. dxe5 dxe5 11. Bc4 b5 12. Ba2 Nd7 13. Qe2 a6 14. Ne1 h5 15. Nd3
Ne7 16. a4 Nb6 17. axb5 axb5 18. Bb3 Rb8 19. Ra7 Bd6 20. Bxf4 Nc4 21. Be3 Qg6
22. Kh1 Nxe3 23. Qxe3 c5 24. Nxc5 Nc6 25. Bf7+ Qxf7 26. Rxf7 Kxf7 27. Nd5 Nd4
28. b4 Bxc5 29. bxc5 Be6 30. c3 Nc6 31. f4 Kg8 32. fxe5 Nxe5 33. Ne7+ Kh7 34.
Qg5 g6 35. Qxe5 Rhf8 36. Rxf8 Rxf8 37. h3 Bc4 38. c6 Rf2 39. c7 Bf1 40. c8=Q
Bxg2+ 41. Kg1 1-0

[Event "Tradewise Gibraltar AmatWk1"]
[Site "Gibraltar"]
[Date "2018.01.22"]
[Round "1.15"]
[White "Oliva Parra, Ernesto"]
[Black "Georgieva, Emilia"]
[Result "0-1"]
[WhiteElo "1560"]
[BlackElo "1848"]
[PlyCount "88"]
[EventDate "2018.01.22"]
[EventType "swiss"]
[EventRounds "5"]
[EventCountry "GGB"]

1. e4 c6 2. d4 d5 3. e5 Bf5 4. Nf3 h6 5. h3 e6 6. a3 c5 7. c3 Nc6 8. Be2 g5 9.
Nbd2 Qb6 10. Nb3 c4 11. Nbd2 Nge7 12. Nh2 Bg7 13. Bh5 Bd3 14. Be2 Bh7 15. O-O
O-O 16. Ng4 Nf5 17. b4 f6 18. exf6 Bxf6 19. Bf3 Bg7 20. Re1 Rae8 21. Nf1 Nh4
22. Ngh2 Nxf3+ 23. Nxf3 Qc7 24. N3h2 Qf7 25. Ra2 e5 26. dxe5 Nxe5 27. Rae2 Bd3
28. Rd2 Re6 29. Ne3 Rg6 30. Neg4 Nxg4 31. Nxg4 Bxc3 32. Ne5 Bxe5 33. Rxe5 Re8
34. Bb2 Rxe5 35. Bxe5 Re6 36. Bd4 Qe7 37. Qh5 Re1+ 38. Kh2 Qd6+ 39. g3 b6 40.
Qg4 Qe6 41. Qh5 Qe4 42. f3 Qxd4 43. Rg2 Kg7 44. h4 Bg6 0-1

[Event "Tradewise Gibraltar AmatWk1"]
[Site "Gibraltar"]
[Date "2018.01.22"]
[Round "1.16"]
[White "Johansson, Daniel 1984"]
[Black "Naldrett, Geoffrey"]
[Result "0-1"]
[WhiteElo "1832"]
[BlackElo "1547"]
[PlyCount "60"]
[EventDate "2018.01.22"]
[EventType "swiss"]
[EventRounds "5"]
[EventCountry "GGB"]

1. e4 c6 2. Nf3 d5 3. exd5 cxd5 4. d4 Nf6 5. Be2 Bf5 6. O-O e6 7. c4 dxc4 8.
Bxc4 Be7 9. Nc3 O-O 10. Bg5 Nc6 11. h3 Rc8 12. Bd3 Bxd3 13. Qxd3 a6 14. a3 h6
15. Bh4 Nd5 16. Bxe7 Ndxe7 17. b4 Qc7 18. Rac1 Rfd8 19. Qe4 Nd5 20. Nxd5 Rxd5
21. Rc5 Rcd8 22. Rfc1 Qd6 23. g3 g6 24. R5c4 Kg7 25. Kg2 a5 26. Rb1 axb4 27.
axb4 Rd7 28. Qe3 Nxd4 29. Nxd4 Rxd4 30. Qc3 Qd5+ 0-1

[Event "Tradewise Gibraltar AmatWk1"]
[Site "Gibraltar"]
[Date "2018.01.22"]
[Round "1.17"]
[White "Koreywo, Witold"]
[Black "Galvan Cipriani, Viviana"]
[Result "0-1"]
[WhiteElo "1545"]
[BlackElo "1826"]
[PlyCount "83"]
[EventDate "2018.01.22"]
[EventType "swiss"]
[EventRounds "5"]
[EventCountry "GGB"]

1. d4 c5 2. c3 b6 3. Bf4 Bb7 4. e3 Nf6 5. Nd2 g6 6. Ngf3 Bg7 7. Be2 d6 8. h3
O-O 9. O-O Nbd7 10. Bh2 Re8 11. Bc4 e5 12. dxe5 dxe5 13. Qc2 h6 14. Qxg6 Nd5
15. Qc2 Nc7 16. Ne4 Bxe4 17. Qxe4 b5 18. Be2 Nf6 19. Qc2 e4 20. Nd2 c4 21. Rad1
Qe7 22. Nb1 Ncd5 23. b3 Qc5 24. Rd4 cxb3 25. axb3 Rac8 26. c4 Nb4 27. Qd2 Nc6
28. Rd6 bxc4 29. Bxc4 Ne5 30. Bxe5 Qxe5 31. Rd1 Bf8 32. Ra6 Bc5 33. Qe2 Bb6 34.
g3 Re7 35. Ra2 Kh7 36. Qe1 Rg8 37. Be2 Ree8 38. Nc3 Rg7 39. Kh2 Rgg8 40. Qh1
Qxc3 41. Bc4 Re7 42. Rad2 0-1

[Event "Tradewise Gibraltar AmatWk1"]
[Site "Gibraltar"]
[Date "2018.01.22"]
[Round "1.18"]
[White "Dennis, Nigel W"]
[Black "Ajayi, Ayokanmi"]
[Result "1/2-1/2"]
[WhiteElo "1804"]
[BlackElo "1537"]
[PlyCount "101"]
[EventDate "2018.01.22"]
[EventType "swiss"]
[EventRounds "5"]
[EventCountry "GGB"]

1. e4 c6 2. d4 d5 3. exd5 cxd5 4. c4 Bf5 5. Nc3 e6 6. Nf3 Nf6 7. c5 Be7 8. b4
O-O 9. Bd3 Ne4 10. Qc2 Nc6 11. a3 Bf6 12. Be3 e5 13. Rd1 exd4 14. Nxe4 dxe4 15.
Bxe4 Bxe4 16. Qxe4 Re8 17. Qg4 Qe7 18. Nxd4 Nxd4 19. Rxd4 Bxd4 20. Qxd4 Rad8
21. Qc3 Qe4 22. O-O Rd3 23. Qc1 h6 24. Re1 a6 25. Kf1 Qd5 26. a4 Qb3 27. c6 Rc3
28. Qd1 Qxd1 29. Rxd1 Rxc6 30. Rd7 b5 31. axb5 axb5 32. Rb7 Re5 33. Bc5 Ra6 34.
g3 Ra1+ 35. Kg2 Re2 36. Rxb5 Rb1 37. Rb8+ Kh7 38. Rb7 Kg6 39. h4 h5 40. Kf3 Rc2
41. Rb6+ Kh7 42. Ke4 Rd1 43. Rb7 Rc4+ 44. Kf3 Kg6 45. Rb6+ Kf5 46. Rb5 Rd5 47.
Rb7 Kg6 48. Rb6+ Kf5 49. Rb7 Kg6 50. Rb6+ Kf5 51. Rb7 1/2-1/2

[Event "Tradewise Gibraltar AmatWk1"]
[Site "Gibraltar"]
[Date "2018.01.22"]
[Round "1.19"]
[White "Busch, Guenther"]
[Black "Stamenov, Valeriy"]
[Result "0-1"]
[WhiteElo "1537"]
[BlackElo "1803"]
[PlyCount "66"]
[EventDate "2018.01.22"]
[EventType "swiss"]
[EventRounds "5"]
[EventCountry "GGB"]

1. Nf3 d5 2. e3 Nf6 3. c4 e6 4. b3 Be7 5. Be2 O-O 6. O-O c6 7. Ba3 Bxa3 8. Nxa3
Qd6 9. Nc2 e5 10. c5 Qc7 11. d4 e4 12. Ne5 Nbd7 13. f4 exf3 14. Nxf3 Re8 15.
Ng5 Nf8 16. Qd2 h6 17. Nf3 Ng6 18. Bd3 Ne4 19. Bxe4 dxe4 20. Nfe1 Qe7 21. g3
Bh3 22. Ng2 Qg5 23. Rf2 Bxg2 24. Rxg2 Rad8 25. Rf1 Ne5 26. Qf2 Nf3+ 27. Kh1 Re6
28. Qe2 Rf6 29. Rgf2 Qg4 30. Ne1 Nxh2 31. Rxh2 Qxe2 32. Rxe2 Rxf1+ 33. Kg2 Rf6
0-1

[Event "Tradewise Gibraltar AmatWk1"]
[Site "Gibraltar"]
[Date "2018.01.22"]
[Round "1.21"]
[White "Opasiak, Dustin Tennessee"]
[Black "Davies, Cledwyn"]
[Result "1-0"]
[WhiteElo "1797"]
[BlackElo "1536"]
[PlyCount "105"]
[EventDate "2018.01.22"]
[EventType "swiss"]
[EventRounds "5"]
[EventCountry "GGB"]

1. e4 d5 2. exd5 Qxd5 3. Nc3 Qd8 4. d4 Nf6 5. Nf3 Bg4 6. Bb5+ c6 7. Be2 e6 8.
Ne5 Bxe2 9. Nxe2 Nbd7 10. Bf4 Be7 11. c3 O-O 12. O-O Nxe5 13. Bxe5 Bd6 14. Bxd6
Qxd6 15. Qb3 Qc7 16. Rfe1 Rfd8 17. Ng3 Rd7 18. h3 Rad8 19. Qa4 a6 20. b4 Rd5
21. Ne4 Nxe4 22. Rxe4 Qb6 23. Rae1 a5 24. a3 axb4 25. axb4 Qa6 26. Ra1 Ra8 27.
Qxa6 bxa6 28. Re2 Rd7 29. Rea2 Rda7 30. Kf1 Kf8 31. Ke2 Ke7 32. Kd3 Kd6 33. Kc4
h6 34. Ra5 g6 35. f4 f6 36. g4 f5 37. R1a2 fxg4 38. hxg4 Rf8 39. Rxa6 Rxa6 40.
Rxa6 Rb8 41. Ra7 Rf8 42. Rg7 Rxf4 43. Rxg6 Re4 44. Rxh6 Rxg4 45. Rh8 Rg7 46.
Rb8 Rd7 47. Rb6 Rc7 48. b5 Rc8 49. Kd3 Kd7 50. bxc6+ Rxc6 51. Rxc6 Kxc6 52. Ke4
Kd6 53. c4 1-0

[Event "Tradewise Gibraltar AmatWk1"]
[Site "Gibraltar"]
[Date "2018.01.22"]
[Round "1.22"]
[White "Jackson, Paul R"]
[Black "Anjali, R. Sagar"]
[Result "0-1"]
[WhiteElo "1503"]
[BlackElo "1792"]
[PlyCount "49"]
[EventDate "2018.01.22"]
[EventType "swiss"]
[EventRounds "5"]
[EventCountry "GGB"]

1. d4 Nf6 2. Nf3 g6 3. c3 Bg7 4. Bf4 d6 5. e3 Nh5 6. Bg3 O-O 7. Be2 Nxg3 8.
hxg3 d5 9. Qc2 Bf5 10. Bd3 Bxd3 11. Qxd3 e6 12. Nbd2 Nd7 13. O-O-O c5 14. Kb1
c4 15. Qc2 b5 16. e4 a5 17. e5 b4 18. Nh4 Rb8 19. f4 bxc3 20. Qxc3 Nb6 21. Qxa5
Ra8 22. Qb4 Na4 23. Nxc4 dxc4 24. Qxc4 Qb6 25. Qe2 0-1

[Event "Tradewise Gibraltar AmatWk1"]
[Site "Gibraltar"]
[Date "2018.01.22"]
[Round "1.23"]
[White "Longdin, Michael"]
[Black "Dhanwani, Aditya"]
[Result "1/2-1/2"]
[WhiteElo "1787"]
[BlackElo "1484"]
[PlyCount "92"]
[EventDate "2018.01.22"]
[EventType "swiss"]
[EventRounds "5"]
[EventCountry "GGB"]

1. d4 d5 2. Bf4 Nf6 3. e3 Bf5 4. c3 c6 5. Qb3 Qb6 6. Nf3 Ne4 7. Nbd2 Nd7 8.
Nxe4 Bxe4 9. Be2 e6 10. O-O Be7 11. Nd2 Nf6 12. Nxe4 Nxe4 13. Rad1 O-O 14. f3
Nf6 15. Bd3 Qxb3 16. axb3 Rac8 17. b4 b5 18. e4 Nh5 19. Be3 f5 20. exf5 exf5
21. g4 fxg4 22. fxg4 Nf6 23. h3 Rce8 24. Bf4 Nd7 25. Bf5 Nb6 26. b3 Bh4 27. Be5
Bg5 28. Kg2 Bh4 29. Rf3 g6 30. Bd3 Rxf3 31. Kxf3 Rf8+ 32. Kg2 Rf2+ 33. Kg1 Nd7
34. Bd6 Rb2 35. Ra1 Rxb3 36. Rxa7 Rxc3 37. Bf1 Nb6 38. Bc5 Na4 39. Ra8+ Kg7 40.
Ra7+ Kg8 41. Rc7 Rg3+ 42. Kh2 Rf3 43. Bg2 Bg3+ 44. Kh1 Bxc7 45. Bxf3 Nc3 46. g5
Ne4 1/2-1/2

[Event "Tradewise Gibraltar AmatWk1"]
[Site "Gibraltar"]
[Date "2018.01.22"]
[Round "1.24"]
[White "Kympergr, Vojtech"]
[Black "Jenssveen, Trym"]
[Result "0-1"]
[WhiteElo "1468"]
[BlackElo "1772"]
[PlyCount "60"]
[EventDate "2018.01.22"]
[EventType "swiss"]
[EventRounds "5"]
[EventCountry "GGB"]

1. e4 c5 2. Nf3 d6 3. Bb5+ Bd7 4. a4 Nc6 5. O-O Nf6 6. Nc3 g6 7. Re1 Bg7 8. d4
cxd4 9. Bxc6 dxc3 10. Bxd7+ Nxd7 11. b3 O-O 12. Bf4 Qa5 13. Qc1 Ne5 14. Nxe5
Bxe5 15. Bxe5 Qxe5 16. Re3 Rac8 17. Qe1 Rc7 18. Ra3 Rfc8 19. b4 Rc4 20. b5 Qd4
21. a5 Qd2 22. Re2 Qxe1+ 23. Rxe1 Rb4 24. Kf1 Rxb5 25. Re3 Rbc5 26. Ke2 Kf8 27.
f4 e6 28. Rd3 Ke7 29. Ke3 f5 30. Kd4 Rc4+ 0-1

[Event "Tradewise Gibraltar AmatWk1"]
[Site "Gibraltar"]
[Date "2018.01.22"]
[Round "1.25"]
[White "Murray, J Stephen"]
[Black "Flowers, James C"]
[Result "1/2-1/2"]
[WhiteElo "1771"]
[BlackElo "1432"]
[PlyCount "63"]
[EventDate "2018.01.22"]
[EventType "swiss"]
[EventRounds "5"]
[EventCountry "GGB"]

1. e4 d5 2. exd5 Qxd5 3. Nc3 Qa5 4. d4 Nf6 5. Bc4 Bg4 6. f3 Bf5 7. Nge2 e6 8.
Bd2 c6 9. a3 Qc7 10. Bf4 Bd6 11. Bxd6 Qxd6 12. Qd2 Nbd7 13. O-O-O b5 14. Bb3 b4
15. axb4 Qxb4 16. Ne4 Qxd2+ 17. Nxd2 Ke7 18. g4 Bg6 19. Nf4 Nd5 20. Nxg6+ hxg6
21. h4 Nf4 22. Ne4 Rab8 23. Ba4 Ne2+ 24. Kb1 f5 25. Rd2 fxe4 26. Rxe2 exf3 27.
Rf2 Rb4 28. Bxc6 Rxd4 29. Bxd7 Kxd7 30. Rxf3 Ke7 31. Ra3 Ra8 32. Ra6 1/2-1/2

[Event "Tradewise Gibraltar AmatWk1"]
[Site "Gibraltar"]
[Date "2018.01.22"]
[Round "1.26"]
[White "Olde, Karl Erik"]
[Black "Odiase, Oluwaseun"]
[Result "0-1"]
[WhiteElo "1402"]
[BlackElo "1768"]
[PlyCount "88"]
[EventDate "2018.01.22"]
[EventType "swiss"]
[EventRounds "5"]
[EventCountry "GGB"]

1. d4 d6 2. c4 g6 3. Nf3 Bg7 4. Nc3 e5 5. dxe5 dxe5 6. Qxd8+ Kxd8 7. e4 c6 8.
Bg5+ f6 9. Be3 Kc7 10. b4 Be6 11. b5 Nd7 12. a4 Bh6 13. Bxh6 Nxh6 14. Be2 Nb6
15. Nd2 Rhd8 16. a5 Nd7 17. O-O Nf7 18. a6 Nc5 19. Rfd1 bxa6 20. bxa6 Rab8 21.
Ra5 Nb3 22. Nxb3 Rxb3 23. Rxd8 Kxd8 24. Nd1 Nd6 25. f3 Bxc4 26. Bxc4 Nxc4 27.
Rc5 Rb1 28. Rxc4 Rxd1+ 29. Kf2 Rd6 30. Rb4 Kc8 31. Ke3 c5 32. Rb7 Rd7 33. Rb5
c4 34. g4 h6 35. h4 c3 36. Rc5+ Rc7 37. Rxc7+ Kxc7 38. Kd3 Kb6 39. Kxc3 Kxa6
40. Kc4 Kb6 41. Kd5 a5 42. g5 fxg5 43. hxg5 h5 44. Kxe5 a4 0-1